| 000 | 00399nam a2200157Ia 4500 | ||
|---|---|---|---|
| 008 | 231217s9999 xx 000 0 und d | ||
| 041 | _aEnglish | ||
| 082 | _a001.6424C TRO;2 R1 | ||
| 100 | _aTroelsen, Andrew. | ||
| 245 | 0 | _aC# and the .NET platform | |
| 250 | _a2nd ed. | ||
| 260 |
_c2003 _bSpringer (India) _aNew Delhi |
||
| 300 | _axxxii+1157 | ||
| 650 | _aC#,.net,platform | ||
| 942 | _cAA | ||
| 999 |
_c171601 _d171601 |
||